| 000 | 01145nam a2200325 i 4500 | ||
|---|---|---|---|
| 003 | EG-ScBUE | ||
| 005 | 20230606105038.0 | ||
| 008 | 200219t2018 ua a f 000 0 eng d | ||
| 020 | _a9789775864284 | ||
| 040 |
_aEG-ScBUE _beng _erda _cEG-ScBUE _dEG-ScBUE |
||
| 043 | _af-ua--- | ||
| 082 | 0 | 4 |
_222 _a332.64262 _bRAA |
| 100 | 1 |
_aRaafat, Samir W., _eauthor. |
|
| 245 | 1 | 4 |
_aThe Egyptian bourse / _cSamir Raafat ; forewords by Prince Abbas Hilmi, edited by Sherif Boraïe. |
| 264 | 1 |
_aCairo : _bZeitouna, _c[2018] |
|
| 264 | 4 | _cc2018 | |
| 300 |
_a96 pages : _bcolor illustrations ; _c20 cm |
||
| 336 |
_atext _btxt _2rdacontent |
||
| 337 |
_aunmediated _bn _2rdamedia |
||
| 338 |
_avolume _bnc _2rdacarrier |
||
| 650 | 7 |
_aStock exchanges _zEgypt _xHistory. _2BUEsh |
|
| 650 | 7 |
_aCapital market _zEgypt _xHistory. _2BUEsh |
|
| 655 | _vReading book | ||
| 700 | 1 |
_aBoraïe, Sherif, _eeditor. |
|
| 700 | 1 |
_aHilmi, Abbas, _ewrite of introduction. |
|
| 906 |
_a7 _bcbc _ccopycat _d3 _encip _f20 _gy-gencatlg |
||
| 942 |
_2ddc _cBB |
||
| 999 |
_c30455 _d30426 |
||